Developments in Japanese economics
Αποθηκεύτηκε σε:
| Κύριος συγγραφέας: | |
|---|---|
| Μορφή: | Βιβλίο |
| Γλώσσα: | Undetermined |
| Έκδοση: |
Tokyo
Academic Press
1989
|
| Θέματα: | |
| Ετικέτες: |
Προσθήκη ετικέτας
Δεν υπάρχουν, Καταχωρήστε ετικέτα πρώτοι!
|
| Thư viện lưu trữ: | Trung tâm Học liệu Trường Đại học Cần Thơ |
|---|
| LEADER | 00498nam a2200193Ia 4500 | ||
|---|---|---|---|
| 001 | CTU_84956 | ||
| 008 | 210402s9999 xx 000 0 und d | ||
| 082 | |a 330.0952 | ||
| 082 | |b S253 | ||
| 100 | |a Ryuzo Sato | ||
| 245 | 0 | |a Developments in Japanese economics | |
| 245 | 0 | |c Ryuzo Sato, Takashi Negishi | |
| 260 | |a Tokyo | ||
| 260 | |b Academic Press | ||
| 260 | |c 1989 | ||
| 650 | |a economics | ||
| 650 | |x history | ||
| 650 | |z Japan | ||
| 980 | |a Trung tâm Học liệu Trường Đại học Cần Thơ | ||